| 000 | 01434nam1a22002651i 4500 | ||
|---|---|---|---|
| 001 | v19\rc\1569444 | ||
| 005 | 20260407003724.0 | ||
| 035 | _a(NLR Aleph) 004691236 | ||
| 090 |
_a3937801 _c3937801 |
||
| 100 | _a20061002d18921900|||y0rusy50 ca | ||
| 101 | 0 | _arus | |
| 102 | _aRU | ||
| 105 | _ay z ||||| | ||
| 200 | 1 | _aОтчет Кременчугской уездной земской управы по народному образованию... | |
| 210 |
_aКременчуг _d1892-1900 |
||
| 215 | _d22-24 | ||
| 300 | _aЗагл. отчета за 1891-92 учеб. год: Отчет по народному образованию Кременчугской уездной земской управы и г.г. членов Кременчугского уезд. училищного совета от Земства избираемых | ||
| 517 | 0 | _aОтчет по народному образованию Кременчугской уездной земской управы и г.г. членов Кременчугского уезд. училищного совета от Земства избираемых | |
| 710 | 0 | 2 |
_aКременчугская уездная земская управа _3RU\NLR\AUTH\889994441 _9485548 |
| 801 | 0 |
_aRU _bNLR _gpsbo |
|
| 801 | 0 |
_aRU _bRuMoRGB _2psbo |
|
| 801 | 1 |
_aRU _bProSoft-M _2rusmarc |
|
| 852 |
_aNLR _bЗем _j31-7/О2 |
||
| 899 |
_aRuMoRGB (1893-1909*) _jV 19/68 |
||
| 942 | _cBOOK | ||